[Event "Campeonato de Euskadi Absoluto 2015"]
[Site "Amorebieta-Echano ESP"]
[Date "2015.04.07"]
[Round "2.3"]
[White "Ruiz Gomez, Alejandro"]
[Black "Argandona Riveiro, Inigo"]
[Result "1-0"]
[WhiteElo "2397"]
[BlackElo "2427"]
[PlyCount "129"]
[EventDate "2015.04.06"]
[EventType "swiss"]
[EventRounds "7"]
[EventCountry "ESP"]
[Source "lmi"]
[SourceDate "2015.04.06"]

1. d4 c5 2. d5 e5 3. Nc3 d6 4. e4 Be7 5. Nf3 a6 6. Be2 b5 7. a4 b4 8. Nb1 Nf6
9. Nbd2 Nbd7 10. O-O Nf8 11. Re1 Ng6 12. Bf1 h5 13. Nc4 a5 14. c3 h4 15. cxb4
cxb4 16. h3 Ba6 17. Nh2 Kf8 18. Ng4 Ne8 19. Be3 Bg5 20. Rc1 Bf4 21. Qf3 Bxc4
22. Rxc4 Qg5 23. Rec1 Bxe3 24. fxe3 Ne7 25. Be2 g6 26. Rf1 Rh7 27. Bd3 Rd8 28.
Rc2 Rg7 29. Kh1 Rb8 30. b3 Rd8 31. Rcf2 Rc8 32. Bb5 f5 33. exf5 gxf5 34. Bd7
Rc3 35. Qe2 Rf7 36. Be6 Ng7 37. Bxf7 Kxf7 38. e4 f4 39. Qa6 Kg6 40. Re1 Nh5 41.
Qxa5 Ng3+ 42. Kh2 Nxe4 43. Qxb4 Rxh3+ 44. gxh3 Nxf2 45. Nxf2 Qg3+ 46. Kh1 Qxf2
47. Qe4+ Kf6 48. Qe2 Qg3 49. Rg1 Nf5 50. Qg4 Qxg4 51. hxg4 Ne3 52. a5 f3 53. a6
Nxd5 54. a7 Nb6 55. Rc1 Kg5 56. Rc6 Na8 57. Rc8 Nb6 58. Rb8 h3 59. Kh2 Kxg4 60.
Rxb6 f2 61. a8=Q f1=Q 62. Rb4+ Kg5 63. Qg8+ Kh5 64. Qg4+ Kh6 65. Qxh3+ 1-0

[Event "Campeonato de Euskadi Absoluto 2015"]
[Site "Amorebieta-Echano ESP"]
[Date "2015.04.08"]
[Round "3.1"]
[White "Ruiz Gomez, Alejandro"]
[Black "Gonzalez De La Torre, Santiago"]
[Result "0-1"]
[WhiteElo "2397"]
[BlackElo "2429"]
[PlyCount "80"]
[EventDate "2015.04.06"]
[EventType "swiss"]
[EventRounds "7"]
[EventCountry "ESP"]
[Source "lmi"]
[SourceDate "2015.04.06"]

1. Nf3 Nf6 2. g3 d5 3. c4 e6 4. Bg2 dxc4 5. Na3 Bxa3 6. Qa4+ Nc6 7. Qxa3 Qd6 8.
Qa4 Qb4 9. Qc2 e5 10. O-O e4 11. Ng5 Nd4 12. Qd1 Bf5 13. f3 exf3 14. Nxf3 Bc2
15. Qe1 O-O-O 16. Nxd4 Rxd4 17. b3 Re8 18. Qf2 cxb3 19. axb3 Qb6 20. d3 Rb4 21.
Rxa7 Rxe2 22. Ra8+ Kd7 23. Bh3+ Kc6 24. Qxb6+ Kxb6 25. Ba3 Rxb3 26. Bf8 Bxd3
27. Bxg7 Ne4 28. Rxf7 Rb1+ 29. Rf1 Nd2 30. Rxb1+ Bxb1 31. Bg4 Re1+ 32. Kg2 Re7
33. Bh6 Nc4 34. Kf2 Rf7+ 35. Ke2 Bd3+ 36. Kxd3 Ne5+ 37. Kd4 Nxg4 38. Bf4 Nxh2
39. Kd5 Ng4 40. Rg8 Rxf4 0-1

[Event "Campeonato de Euskadi Absoluto 2015"]
[Site "Amorebieta-Echano ESP"]
[Date "2015.04.08"]
[Round "3.2"]
[White "Etchegaray, Patrice"]
[Black "Franco Alonso, Alejandro"]
[Result "1/2-1/2"]
[WhiteElo "2400"]
[BlackElo "2447"]
[PlyCount "174"]
[EventDate "2015.04.06"]
[EventType "swiss"]
[EventRounds "7"]
[EventCountry "ESP"]
[Source "lmi"]
[SourceDate "2015.04.06"]

1. e4 c5 2. c3 d5 3. exd5 Qxd5 4. d4 Nf6 5. Nf3 e6 6. Bd3 Be7 7. O-O O-O 8. Be3
Rd8 9. Qe2 Nc6 10. Rd1 b6 11. c4 Qh5 12. dxc5 bxc5 13. Nc3 Bb7 14. Ne4 Nb4 15.
Ng3 Qg4 16. h3 Bxf3 17. hxg4 Bxe2 18. Bxe2 Nc2 19. Rxd8+ Rxd8 20. Rd1 Nxe3 21.
Rxd8+ Bxd8 22. fxe3 Bc7 23. Nh5 Nd7 24. Kf2 Be5 25. b3 g5 26. Ke1 Nb6 27. Kd2
Kf8 28. Bd3 h6 29. Kc2 Ke7 30. a3 a5 31. Be2 Kd6 32. Bd3 Nc8 33. Be4 Ne7 34.
Bf3 Ng6 35. Kb1 Nh4 36. e4 Ng6 37. Kc2 Ne7 38. Kd3 Nc6 39. Bd1 Bb2 40. a4 Be5
41. Bf3 Nd4 42. Bd1 Nc6 43. Bf3 Ne7 44. Kd2 Bf4+ 45. Kd3 Nc6 46. Bd1 Nb4+ 47.
Kc3 Ke5 48. Bf3 Nc6 49. Kd3 Nd4 50. Bd1 Bh2 51. Ng7 Nc6 52. Nh5 Nb4+ 53. Ke3
Bf4+ 54. Ke2 Kxe4 55. Nf6+ Kd4 56. Ng8 Kc3 57. Nxh6 f6 58. Ng8 Be5 59. Ne7 Bd6
60. Ng8 Be5 61. Ne7 Na2 62. Nc6 Nc1+ 63. Ke3 Bf4+ 64. Kf2 Bc7 65. Na7 Kd2 66.
Nb5 Bb8 67. Bf3 Nxb3 68. Bc6 Kd3 69. Na3 Nd2 70. Bd7 e5 71. Bf5+ e4 72. Bg6 Be5
73. Bf5 Bd4+ 74. Ke1 Nxc4 75. Nxc4 Kxc4 76. Bxe4 Kb3 77. Bc6 c4 78. Bd5 Kxa4
79. Bxc4 Kb4 80. Be6 Kc3 81. Bd7 Be3 82. Kd1 Kb3 83. Be6+ Kb4 84. Kc2 a4 85.
Kb2 a3+ 86. Ka2 Bc5 87. Bf5 Kc3 1/2-1/2

[Event "Campeonato de Euskadi Absoluto 2015"]
[Site "Amorebieta-Echano ESP"]
[Date "2015.04.08"]
[Round "3.3"]
[White "Huerga Leache, Mikel"]
[Black "Trigo Urquijo, Sergio"]
[Result "1/2-1/2"]
[WhiteElo "2434"]
[BlackElo "2347"]
[PlyCount "114"]
[EventDate "2015.04.06"]
[EventType "swiss"]
[EventRounds "7"]
[EventCountry "ESP"]
[Source "lmi"]
[SourceDate "2015.04.06"]

1. e4 e5 2. Nf3 Nc6 3. Bb5 a6 4. Ba4 Nf6 5. O-O Be7 6. Bxc6 dxc6 7. d3 Nd7 8.
Nbd2 O-O 9. Nc4 f6 10. a4 Re8 11. Nh4 Nc5 12. Nf5 Bf8 13. Qf3 Be6 14. Nce3 Bf7
15. Qg3 Kh8 16. Ng4 Ne6 17. Kh1 Nd4 18. Nge3 c5 19. Qh4 Qd7 20. b3 b5 21. f4
exf4 22. Qxf4 Ne2 23. Qf3 Nxc1 24. Rfxc1 Qc6 25. Ng3 Rad8 26. Rd1 Bd6 27. Ng4
Bxg3 28. Qxg3 Bh5 29. Qh4 Bxg4 30. Qxg4 Rd4 31. axb5 axb5 32. Qh5 g6 33. Qh6 c4
34. bxc4 bxc4 35. h3 Qd6 36. Qc1 cxd3 37. cxd3 Rxd3 38. Rxd3 Qxd3 39. Qc6 Qxe4
40. Qxf6+ Kg8 41. Rc1 Rf8 42. Qg5 c6 43. Qc5 Rf5 44. Qb6 Qd5 45. Qb8+ Rf8 46.
Qc7 Rf7 47. Qb8+ Rf8 48. Qc7 Rf2 49. Qb8+ Kg7 50. Qa7+ Rf7 51. Qa1+ Kh6 52. Qa3
Qb5 53. Kh2 Qb8+ 54. Kg1 Qb6+ 55. Kh2 Qb8+ 56. Kg1 Qb6+ 57. Kh2 Qb8+ 1/2-1/2

[Event "Campeonato de Euskadi Absoluto 2015"]
[Site "Amorebieta-Echano ESP"]
[Date "2015.04.08"]
[Round "3.4"]
[White "Astasio Lopez, David"]
[Black "Villalta Bustillo, Igor"]
[Result "1-0"]
[WhiteElo "2401"]
[BlackElo "2242"]
[PlyCount "81"]
[EventDate "2015.04.06"]
[EventType "swiss"]
[EventRounds "7"]
[EventCountry "ESP"]
[Source "lmi"]
[SourceDate "2015.04.06"]

1. d4 Nf6 2. Nf3 g6 3. Nbd2 Bg7 4. e4 O-O 5. c3 d6 6. Bc4 c5 7. dxc5 dxc5 8.
O-O Nc6 9. Qe2 Qc7 10. Re1 Nh5 11. Nb3 Bg4 12. h3 Bxf3 13. Qxf3 Ne5 14. Qe2
Nxc4 15. Qxc4 Rac8 16. Be3 b6 17. a4 Be5 18. Nd2 Bh2+ 19. Kh1 Bf4 20. Nf1 Rfd8
21. g3 Bxe3 22. Rxe3 Rd7 23. Rae1 Rcd8 24. Rf3 Nf6 25. Kg2 Qc6 26. g4 Rd1 27.
Rxd1 Rxd1 28. Ne3 Ra1 29. e5 Rxa4 30. b4 b5 31. Qf4 cxb4 32. exf6 exf6 33. g5
b3 34. c4 b2 35. Qb8+ Kg7 36. gxf6+ Qxf6 37. Rxf6 b1=Q 38. Qf4 Qb4 39. Rxf7+
Kg8 40. Qf6 h6 41. Qg7# 1-0

[Event "Campeonato de Euskadi Absoluto 2015"]
[Site "Amorebieta-Echano ESP"]
[Date "2015.04.08"]
[Round "3.11"]
[White "Goiria Egidazu, Jon Asel"]
[Black "Sanchez Ruesga, Hector"]
[Result "1-0"]
[WhiteElo "2003"]
[BlackElo "2099"]
[PlyCount "167"]
[EventDate "2015.04.06"]
[EventType "swiss"]
[EventRounds "7"]
[EventCountry "ESP"]
[Source "lmi"]
[SourceDate "2015.04.06"]

1. e4 c5 2. Nc3 e6 3. f4 d5 4. Nf3 Nc6 5. Bb5 Nge7 6. exd5 exd5 7. Qe2 g6 8.
Qe5 Rg8 9. Bxc6+ bxc6 10. O-O Bg7 11. Qe1 Bf6 12. Ne5 Kf8 13. b3 Qa5 14. Na4
Kg7 15. Ba3 Re8 16. Bxc5 Ba6 17. d3 Qc7 18. Ba3 Nf5 19. Nc5 Bc8 20. Bb2 d4 21.
Qf2 Bxe5 22. fxe5 Qe7 23. Bxd4 Nxd4 24. Qxd4 Qxe5 25. Qf2 Bf5 26. Rae1 Qd5 27.
Ne4 a5 28. Ng3 Bg4 29. c4 Qd7 30. Ne4 Bf5 31. Qb2+ Kh6 32. Nf6 Qa7+ 33. Kh1 Re6
34. Rxe6 Bxe6 35. Qd2+ Kg7 36. Qg5 Qd4 37. Nh5+ Kg8 38. Nf4 Bf5 39. h4 Re8 40.
h5 Bxd3 41. Nxd3 Qxd3 42. Qf6 Qe2 43. Qxf7+ Kh8 44. Qf6+ Kg8 45. Rf3 Qe6 46.
hxg6 hxg6 47. Qg5 Kg7 48. Qxa5 Rh8+ 49. Kg1 Rh5 50. Qc7+ Kg8 51. Qd8+ Kh7 52.
Qd2 Qe5 53. Qd7+ Kh6 54. Qd2+ Kh7 55. Qf4 Qa1+ 56. Rf1 Qc3 57. Qf7+ Kh6 58.
Qf8+ Qg7 59. Qd6 Qa7+ 60. Rf2 Rh1+ 61. Kxh1 Qxf2 62. Qh2+ Kg7 63. Qe5+ Kh7 64.
a4 Qc2 65. Qe7+ Kh6 66. Qf8+ Kh5 67. Qf3+ Kh6 68. a5 Qa2 69. Qc3 c5 70. Kh2 g5
71. Qh3+ Kg6 72. Qe6+ Kh5 73. Qf7+ Kh6 74. Qf6+ Kh5 75. a6 Kh4 76. Qf5 g4 77.
Qf6+ Kh5 78. Qf7+ Kh4 79. Qh7+ Kg5 80. a7 g3+ 81. Kxg3 Qxb3+ 82. Kh2 Qa3 83.
Qg8+ Kh4 84. a8=Q 1-0

[Event "Campeonato de Euskadi Absoluto 2015"]
[Site "Amorebieta-Echano ESP"]
[Date "2015.04.10"]
[Round "5.1"]
[White "Huerga Leache, Mikel"]
[Black "Gonzalez De La Torre, Santiago"]
[Result "1/2-1/2"]
[WhiteElo "2434"]
[BlackElo "2429"]
[PlyCount "32"]
[EventDate "2015.04.06"]
[EventType "swiss"]
[EventRounds "7"]
[EventCountry "ESP"]
[Source "lmi"]
[SourceDate "2015.04.06"]

1. d4 d5 2. c4 c6 3. Nf3 Nf6 4. Qc2 g6 5. e3 Bf5 6. Bd3 Bxd3 7. Qxd3 Bg7 8. O-O
O-O 9. Nc3 e6 10. Rd1 a5 11. b3 Qb6 12. Ba3 Rd8 13. Be7 Re8 14. c5 Qa6 15. Qxa6
Nxa6 16. Bd6 Nd7 1/2-1/2

[Event "Campeonato de Euskadi Absoluto 2015"]
[Site "Amorebieta-Echano ESP"]
[Date "2015.04.10"]
[Round "5.2"]
[White "Argandona Riveiro, Inigo"]
[Black "Franco Alonso, Alejandro"]
[Result "1/2-1/2"]
[WhiteElo "2427"]
[BlackElo "2447"]
[PlyCount "38"]
[EventDate "2015.04.06"]
[EventType "swiss"]
[EventRounds "7"]
[EventCountry "ESP"]
[Source "lmi"]
[SourceDate "2015.04.06"]

1. d3 c5 2. g3 Nc6 3. Bg2 g6 4. c4 Bg7 5. Nc3 e6 6. h4 Nf6 7. Nh3 O-O 8. Nf4 h6
9. Bd2 b6 10. Qc1 Bb7 11. Nh3 h5 12. Bh6 d5 13. cxd5 exd5 14. Bg5 Ne7 15. Nf4
Qd7 16. O-O d4 17. Bxf6 Bxf6 18. Ne4 Bg7 19. Qc4 Rad8 1/2-1/2

[Event "Campeonato de Euskadi Absoluto 2015"]
[Site "Amorebieta-Echano ESP"]
[Date "2015.04.10"]
[Round "5.3"]
[White "Astasio Lopez, David"]
[Black "Jimenez Almeida, Luis David"]
[Result "1/2-1/2"]
[WhiteElo "2401"]
[BlackElo "2225"]
[PlyCount "47"]
[EventDate "2015.04.06"]
[EventType "swiss"]
[EventRounds "7"]
[EventCountry "ESP"]
[Source "lmi"]
[SourceDate "2015.04.06"]

1. d4 f5 2. Nc3 Nf6 3. Bg5 d5 4. Bxf6 exf6 5. e3 Be6 6. Bb5+ c6 7. Bd3 g6 8. h3
h5 9. Qf3 Bf7 10. Nge2 Bd6 11. g4 hxg4 12. hxg4 Rxh1+ 13. Qxh1 fxg4 14. e4 Nd7
15. exd5 cxd5 16. Nxd5 Qa5+ 17. Ndc3 O-O-O 18. Qh7 Qh5 19. Qxf7 Qh1+ 20. Kd2
Qh6+ 21. Kd1 Qh1+ 22. Kd2 Qh6+ 23. Ke1 Qh1+ 24. Kd2 1/2-1/2

[Event "Campeonato de Euskadi Absoluto 2015"]
[Site "Amorebieta-Echano ESP"]
[Date "2015.04.10"]
[Round "5.4"]
[White "Etchegaray, Patrice"]
[Black "Arce Balluerca, Jorge"]
[Result "1-0"]
[WhiteElo "2400"]
[BlackElo "1973"]
[PlyCount "39"]
[EventDate "2015.04.06"]
[EventType "swiss"]
[EventRounds "7"]
[EventCountry "ESP"]
[Source "lmi"]
[SourceDate "2015.04.06"]

1. e4 e5 2. Bc4 Nf6 3. d3 Nc6 4. Nc3 Be7 5. f4 d6 6. Nf3 Bg4 7. O-O Nd4 8. fxe5
Bxf3 9. gxf3 dxe5 10. f4 Qd6 11. Nd5 Nxd5 12. Bxd5 Ne6 13. fxe5 Qxe5 14. Bxb7
Bd6 15. Qe2 Rb8 16. Bc6+ Ke7 17. Bd5 h6 18. c3 c6 19. Bb3 Ng5 20. Qg2 1-0

[Event "Campeonato de Euskadi Absoluto 2015"]
[Site "Amorebieta-Echano ESP"]
[Date "2015.04.10"]
[Round "5.9"]
[White "Goiria Egidazu, Jon Asel"]
[Black "Arias Garcia, Luis Javier"]
[Result "0-1"]
[WhiteElo "2003"]
[BlackElo "2140"]
[PlyCount "61"]
[EventDate "2015.04.06"]
[EventType "swiss"]
[EventRounds "7"]
[EventCountry "ESP"]
[Source "lmi"]
[SourceDate "2015.04.06"]

1. e4 g6 2. d4 Bg7 3. Nf3 d6 4. Nc3 Nf6 5. Be2 c5 6. dxc5 Qa5 7. O-O Qxc5 8.
Nb5 a6 9. Be3 Qc6 10. e5 axb5 11. exf6 Bxf6 12. Nd4 Qd7 13. Bxb5 Nc6 14. Qf3 d5
15. Rad1 O-O 16. c4 Rxa2 17. Rfe1 Rxb2 18. Bc1 Nxd4 19. Qxf6 exf6 20. Bxd7 Ne2+
21. Kf1 Nxc1 22. Bxc8 Rxc8 23. Rxc1 dxc4 24. Re7 c3 25. Ke1 b5 26. Rb7 Re8+ 27.
Kf1 b4 28. g4 c2 29. Kg2 b3 30. Ra1 Ra2 31. Re1 0-1

[Event "Campeonato de Euskadi Absoluto 2015"]
[Site "Amorebieta-Echano ESP"]
[Date "2015.04.11"]
[Round "6.1"]
[White "Gonzalez De La Torre, Santiago"]
[Black "Argandona Riveiro, Inigo"]
[Result "1-0"]
[WhiteElo "2429"]
[BlackElo "2427"]
[PlyCount "72"]
[EventDate "2015.04.06"]
[EventType "swiss"]
[EventRounds "7"]
[EventCountry "ESP"]
[Source "lmi"]
[SourceDate "2015.04.06"]

1. e4 c5 2. Nf3 g6 3. d4 cxd4 4. Nxd4 Bg7 5. Nc3 Nc6 6. Be3 Nf6 7. Bc4 O-O 8.
Bb3 e6 9. O-O d5 10. exd5 exd5 11. Qd2 Re8 12. Rad1 Be6 13. Rfe1 Qd7 14. Nxe6
fxe6 15. Bg5 Qf7 16. Bxf6 Qxf6 17. Rxe6 Rxe6 18. Nxd5 Qf7 19. Nf4 Rae8 20. Nxe6
Rxe6 21. Qd7 Qxd7 22. Rxd7 Nd4 23. Bxe6+ Nxe6 24. Rxb7 Bd4 25. c3 Bb6 26. b4
Nf4 27. c4 Bd4 28. c5 Kf8 29. Rxa7 Ke8 30. Rxh7 Kd8 31. c6 Kc8 32. a4 Ne2+ 33.
Kf1 Nc3 34. a5 Nb5 35. Rb7 Nd6 36. Rd7 Nb5 1-0

[Event "Campeonato de Euskadi Absoluto 2015"]
[Site "Amorebieta-Echano ESP"]
[Date "2015.04.11"]
[Round "6.5"]
[White "Jimenez Almeida, Luis David"]
[Black "Marchena Hurtado, Javier"]
[Result "1-0"]
[WhiteElo "2225"]
[BlackElo "2316"]
[PlyCount "131"]
[EventDate "2015.04.06"]
[EventType "swiss"]
[EventRounds "7"]
[EventCountry "ESP"]
[Source "lmi"]
[SourceDate "2015.04.06"]

1. d4 d5 2. c4 c6 3. Nf3 Nf6 4. e3 a6 5. Bd3 Bg4 6. Nbd2 Nbd7 7. Qc2 e6 8. b3
Bd6 9. Bb2 Bh5 10. O-O Bg6 11. Ne5 Bxd3 12. Qxd3 O-O 13. f4 Qe7 14. Nxd7 Qxd7
15. c5 Bc7 16. b4 Ne8 17. a4 f5 18. b5 Nf6 19. Bc3 Ne4 20. Nxe4 fxe4 21. Qe2
axb5 22. axb5 b6 23. Bb4 Rfb8 24. Rac1 bxc5 25. bxc6 Qxc6 26. Bxc5 g6 27. Ba7
Qxc1 28. Rxc1 Rxa7 29. Qg4 Rb6 30. h4 Kf7 31. h5 Bd8 32. Rc8 Rd7 33. Kh2 Ra6
34. Qe2 Rb6 35. Qa2 Rbd6 36. h6 Rc7 37. Rb8 Rcd7 38. Qa8 Ke7 39. g4 Rc7 40. Kg3
Rc3 41. Qb7+ Rc7 42. Qb4 Rcd7 43. Rc8 Kf7 44. Qc5 Kf6 45. Rc6 Be7 46. Rc8 Rd8
47. Rxd8 Rxd8 48. Qc7 Kf7 49. Kg2 Rg8 50. Kf1 Rd8 51. Qe5 Bf6 52. Qc7+ Be7 53.
f5 gxf5 54. gxf5 Rd6 55. Ke2 exf5 56. Qc8 Re6 57. Qd7 Rxh6 58. Qxf5+ Bf6 59.
Qxd5+ Kf8 60. Qxe4 Rh2+ 61. Kd3 Rh4 62. Qf5 Kg7 63. e4 h5 64. e5 Be7 65. d5 Rh2
66. d6 1-0